00642nam a22001817a 4500003000900000005001700009007000300026008003500029020001800064040002500082100003000107245008500137260004500222300002700267500007200294500006300366504003100429DO-SdBNP20240404094740.0ta210903b 2019 dr a 00| 0 eng d a9789945805222 aDO-SdBNPbspacBNPHU1 aCruz Sánchez, Filiberto14aLas Instituciones españolas en América,1492-1701 /cFiliberto Cruz Sánchez aSanto Domingo :bEl Nuevo Diario,c2019. a50 p. :bil. ;c21 cm. aIncluye referencias bibliográficas y notas al pie de la páginas aIncluye datos biográficos del autor en la contracubierta aBibliografías : p. 49-50